| 000 | 01322cam a22003737a 4500 | ||
|---|---|---|---|
| 003 | CHAP | ||
| 005 | 20220329133447.0 | ||
| 008 | 971013s1991 r 00010 d | ||
| 010 | _a6625 | ||
| 011 | _a7597 | ||
| 035 | _a6820 | ||
| 040 | _cCHAP | ||
| 090 | _aTesis | ||
| 100 | 0 | 0 |
_aCarrillo, Armando. _919546 |
| 245 | 0 | _aControl químico de la roya lineal amarilla de la cebada (Puccinia striiformis West.) en los estados de Hidalgo, México y Tlaxcala | |
| 260 |
_aChapingo, Méx. : _bEl autor, _c1991 |
||
| 300 |
_a63 h. _b; gráfs. |
||
| 502 | _aTesis (Ing. Agr. Esp. en Parasitología Agrícola) -- UACH. Departamento de Parasitología Agrícola | ||
| 590 |
_aALEPH _b10 _c20130110 _lUCH01 _h1220 |
||
| 590 |
_aBATCH-UPD _b10 _c20130110 _lUCH01 _h1842 |
||
| 590 |
_aBATCH-UPD _b10 _c20130410 _lUCH01 _h1213 |
||
| 590 |
_aBATCH-UPD _b10 _c20130914 _lUCH01 _h0903 |
||
| 590 |
_aCONVERSION _b10 _c20130109 _lUCH01 _h1305 |
||
| 650 | 1 | 4 |
_aCebada _xEnfermedades. _920674 |
| 650 | 1 | 4 |
_aCebada _xHidalgo. _920685 |
| 650 | 1 | 4 |
_aCebada _xTlaxcala. _920712 |
| 650 | 1 | 4 |
_aCebada _zMéxico (Edo.). _920720 |
| 650 | 1 | 4 |
_aControl de plagas. _927595 |
| 650 | 1 | 4 |
_aPuccinia striiformis. _992831 |
| 901 | _aBK | ||
| 942 | _cFOLL | ||
| 949 |
_bBC _cTES _d-16430 _eTS1 _h25601 _i6820 _si |
||
| 949 |
_bBC _cTES _d-81721 _eTS2 _fc.2 _h25602 _i6820 _si |
||
| 999 |
_c6625 _d6625 |
||